000 01740cam a22004694i 4500
003 PE-LiUPU
005 20250731173539.0
008 150616s r 000 0 d
020 _a0875091601
035 _a(Sirsi) i9780875091600
040 _aPE-LiUPU
_bspa
_cPE-LiUPU
_erda
049 _aPRUA
082 0 4 _a253
_bB16
_221
100 1 _aBailey, Keith M.,
_eautor.
245 1 0 _aServant in Charge.
264 1 _aCamp Hill, Pennsylvania :
_bChristian Publications,
_c1979.
300 _a123 páginas ;
_c21 centímetros
336 _atext
_2rdacontent
337 _aunmediated
_2rdamedia
338 _avolume
_2rdacarrier
504 _aBibliografía al pie de algunas pag.
505 0 _aLocal church leadership- Who is the pastor?.- Whoare the elders?.- Who are the deacons?.- The leadership team.- The scriptural qualifications of elders.- The scriptural qualifications of deacons.- The ministry of the lay elders.- the ministry of the deacons.
526 _aSEG42
526 _aSEG41
526 _aSEG40
526 _aSEG39
526 _aP94
526 _aP87
526 _aP86
526 _aP85
526 _aP77
526 _aP76
526 _aP35
650 0 4 _aAncianos (oficiales de la Iglesia)
_vCompendios, manuales, etc.
910 _ajck
_bjvq
_cjck
942 _2ddc
_cBOOK
949 _a253 B16
_wDEWEY
_c1
_i42549
_lCCODEBUL1
_mBUL
_r0
_sY
_tBOOK
_u2015-6-16
_xTEOLOGIA
_zUNKNOWN
_0COMPRA
_o.STAFF. Colección General
994 _aC0
_bPEPRU
596 _a1
999 _a253 B16
_wDEWEY
_c60381
_i42549
_f2021-11-10
_g5
_lCCODEBUL1
_mBUL
_r0
_sY
_tBOOK
_u2015-6-16
_xTEOLOGIA
_zUNKNOWN
_0COMPRA
_o.STAFF. Colección General
_d60381
980 _81
_gALBERTO SANCHEZ Responsable de Automatización